| 000 | 00631cam a22001935a 4500 | ||
|---|---|---|---|
| 001 | L144711 | ||
| 008 | 080806s2008 xxko f 000 0 eng d | ||
| 035 | _a(Sirsi) u144711 | ||
| 041 | 0 | _aeng | |
| 050 | 0 | 4 | _a650.14 $2 18 |
| 110 | 2 |
_aRoyal Institution of Chartered Surveyors _94900 |
|
| 245 | 0 | 0 | _aWelcome to the RICS building surveying faculty |
| 260 |
_aLondon _bRICS _c2008 |
||
| 300 |
_a3p. _bill. _c21cm. |
||
| 520 | _aProvides a brief introduction to the RICS building surveying faculty and sets out some of the benefits of membership. | ||
| 651 | 4 |
_aUnited Kingdom _y |
|
| 690 |
_aBuilding surveying _96225 |
||
| 942 | _n0 | ||
| 999 |
_c108595 _d108595 |
||